01662nam a22002897a 45000010005000000030006000050050017000110080041000280200018000690400029000870500010001160820010001261000022001362450068001582600034002263000048002605050007003085200657003155210018009725210018009906500032010087000028010409420015010689990015010839520141010989520133012396276FISKH20250513112710.0250408b cb ||||| |||| 00| 0 eng d a9781618103321 aFISKHbengcFISKHdFISKH aS8229 a813.6 aSteinkraus, Kyla  aIn the Doghouse /cBy Kyla Steinkraus ; Illustrated by Ed Myer  aShenzhen : bRourke, c2013.  a23 pages :bcolor illustrations ; c 21 cm  aK  aPeering Out The Window On A Cold, Snowy Day Jonathan Sees Something In The Doghouse In The Backyard. Only It Can't Be His Dog, Gizmo Because He's Safe And Warm Inside The House. As He Investigates He Finds It Is A Rabbit Trying To Stay Warm. He And His Mom Give The Rabbit Some Fruit And Veggies, Only To Discover Each Time They Check There Are More And More Rabbits. As The Snow Melts And Jonathan Goes Out To Check On The Rabbits They Are All Gone. He Was Proud He Had Provided A Nice, Warm Place For Them. Teaching Focus, Words To Know Before You Read, Comprehension And Extension Activities. Inside Front And Back Cover Parent And Teacher Support. 8 a510 bLexile 8 aK bRaz-Plus  aBoy vFictionxPicture book aMyer, Ed eillustrator  2ddccBKn0 c6276d6276 00102ddc40708JUVFa001b001cTK Yellowd2025-04-08l1oSTE 813.6 S8229 pFISTK00937r2026-04-03 08:12:30s2026-03-20w2025-04-08yBK 00102ddc40708JUVFa002b002cTTP Yellow d2025-05-13l0oSTE 813.6 S8229 p2025-1307r2025-05-13 11:27:08t2w2025-05-13yBK